Normal view
MARC view
- Wells,H.G.
Entry Personal Name
001 - CONTROL NUMBER
- control field: 7371
003 - CONTROL NUMBER IDENTIFIER
- control field: OSt
005 - DATE AND TIME OF LATEST TRANSACTION
- control field: 20191125105553.0
008 - FIXED-LENGTH DATA ELEMENTS
- fixed length control field: 191125|| aca||aabn | a|a d
040 ## - CATALOGING SOURCE
- Original cataloging agency: OSt
- Transcribing agency: OSt
100 ## - HEADING--PERSONAL NAME
- Personal name: Wells,H.G.
670 ## - SOURCE DATA FOUND
- Source citation: Work cat.: (OSt): Wells,H.G., The Time Machine, 2019